La religiosa ilustrada con instrucciones prácticas para renovar su espíritu en ocho días de exercicios.

Detalles Bibliográficos
Formato: Libro
Publicado: Barcelona 1750
Materias:
Colección:Banco de datos
Acervo:Biblioteca del Convento de Santa Mónica de la Ciudad de Puebla. Puebla
Tema general:Ascética
Notas:Buena. No. de Reg. 189981. C3, 8.
LEADER 00665nam a22001810004500
035 |a 52172 
036 |a 1940 
245 1 0 |a La religiosa ilustrada con instrucciones prácticas para renovar su espíritu en ocho días de exercicios. 
260 |a Barcelona  |b imp. José Bernardo de Hogal  |c 1750 
500 |a Buena. No. de Reg. 189981. C3, 8. 
650 1 0 |a Ascética 
949 |a CRP-SM 
959 |a Ex convento de Santa Mónica. Puebla, Puebla  |b CCC5 
960 |a Convento de Santa Mónica de la ciudad de Puebla  |b DD88 
961 |a Franciscana  |b OF 
942 |c CRP-SM 
943 |g Biblioteca del Convento de Santa Mónica de la Ciudad de Puebla. Puebla 
999 |c 962510  |d 962510